Statistics for Soccer (Football) Teams With Black and White

Click here to take the quiz!

General Stats

  • This quiz has been taken 53 times
    (12 since last reset)
  • The average score is 10 of 15

Answer Stats

Country Biggest Title Team % Correct
ItalyIntercontinental CupJuventus
100%
EnglandPremier LeagueNewcastle
92%
TurkeyTurkish Süper LigBesiktas
92%
BrazilIntercontinental CupSantos
75%
GreeceSuper League GreecePAOK
75%
BrazilFIFA Club World CupCorinthians
67%
NorwayNorwegian Premier LeagueRosenborg
67%
SerbiaSerbian SuperLigaPartizan Belgrade
67%
BrazilCopa LibertadoresAtletico Mineiro
58%
BrazilCONMEBOL CupBotafogo
58%
BrazilCopa LibertadoresVasco da Gama
50%
ParaguayParaguayan Primera DivisiónLibertad
50%
-OFC Nations CupNew Zealand
50%
ParaguayIntercontinental CupOlimpia
42%
PortugalTaça de PortugalAcadémica
42%

Score Distribution

Percentile by Number Answered

Percent of People with Each Score

Your Score History

You have not taken this quiz since the last reset